000 00638nam a2200205 i 4500
001 122905
003 ES-MaACL
005 20260617125145.0
007 t|
008 070214s1934 fr r ||||0| fre d
100 1 _aPulszky, Romola.
_994388
245 1 0 _aNijinsky /
_cRomola Pulszky; traduit de l'anglais par Pierre Dutray ; avec une preface de Paul Claudel.
260 _aParis :
_bDenoel et Steele,
_c1934.
300 _a425 p ;
_c22 cm.
600 1 4 _aNijinsky, Vatzlav Fómich.
_985740
700 1 _aDutray, Pierre.
_946359
700 _aClaudel, Paul,
_d1868-1955
_9239252
852 _aES-MaACL
_jA-2518
999 _c122905
_d122905